00736 2200241 4500001002100000005001700021008004100038035002400079040001300103082001200116090001800128100002300146245009700169260008100266300002900347650003000376700002800406850001200434990001200446990001200458990001200470990001200482YOGYA-0612000000021420120604194523.0 ind  0010-061200000000214 aYOPD DIY a899.221 a899.221 Yas M aYASADIPURA, R. Ng. aMenak Kuwaricoleh R. Ng. Yasadipura ; alih aksara dan alih bahasa, Sudibjo Z. Hadisutjipto. aJakartabProyek Penerbitan Buku Sastra Indonesia dan Daerah Depdikbudc1982. a227 hlm.c21 cm (2 eks.) aKesusastraan Jawa-tembang aHadisucipto, Sudibjo Z. aYOPDYOG a62151-a a62151-a a62151-a a62151-a